[Event "Latschach op 27th"]
[Site "Latschach"]
[Date "2011.08.16"]
[Round "5"]
[White "Jokovic, Dusan"]
[Black "Meertens, Martin"]
[Result "1/2-1/2"]
[WhiteElo "2098"]
[BlackElo "2158"]
[PlyCount "50"]
[EventDate "2011.08.13"]
[EventType "swiss"]
[EventRounds "9"]
[EventCountry "AUT"]
[SourceTitle "CBM 143 Extra"]
[Source "ChessBase"]
[SourceDate "2011.08.29"]
[SourceVersion "1"]
[SourceVersionDate "2011.08.29"]
[SourceQuality "1"]

1. d4 Nf6 2. c4 g6 3. Nc3 Bg7 4. e4 d6 5. Be2 0-0 6. Bg5 Na6 7. Qd2 Qe8 8. Nf3 e5 9. d5 Nc5 10. Qc2 a5 11. Nd2 h6 12. Bh4 Bd7 13. 0-0 c6 14. Rae1 g5 15. Bg3 cxd5 16. cxd5 b5 17. Qb1 b4 18. Nd1 Qb8 19. Ne3 Nfxe4 20. Nxe4 Nxe4 21. Qxe4 f5 22. Qb1 f4 23. Nc4 Bb5 24. b3 Bxc4 25. bxc4 Qb6 1/2-1/2

[Event "SLO-chT1 West"]
[Site "Ljubljana"]
[Date "2008.11.14"]
[Round "2.3"]
[White "Sirnik, Bostjan"]
[Black "Jokovic, Dusan"]
[Result "1-0"]
[WhiteElo "2207"]
[BlackElo "2155"]
[PlyCount "107"]
[EventDate "2008.11.13"]
[EventType "team-tourn"]
[EventRounds "9"]
[EventCountry "SLO"]
[SourceTitle "EXT 2010"]
[Source "ChessBase"]
[SourceDate "2010.11.25"]
[SourceVersion "1"]
[SourceVersionDate "2010.11.25"]
[SourceQuality "1"]
[WhiteTeam "Kranj Tomo Zupan"]
[BlackTeam "Gorenjka Lesce"]
[WhiteTeamCountry "SLO"]
[BlackTeamCountry "SLO"]

1. d4 Nf6 2. Nf3 g6 3. Bf4 Bg7 4. e3 0-0 5. h3 d6 6. c4 c5 7. Nc3 Nc6 8. d5 Na5 9. Rc1 b6 10. Be2 Nb7 11. 0-0 a6 12. Re1 Bd7 13. a4 Re8 14. b3 h6 15. Nd2 Kh7 16. Qc2 e5 17. dxe6 Bxe6 18. Bf3 Ra7 19. Rcd1 Qe7 20. Ndb1 Rd8 21. Rd2 Ne8 22. Red1 Be5 23. Bh2 Bxh2+ 24. Kxh2 Na5 25. Nd5 Bxd5 26. Bxd5 Nf6 27. Nc3 Rc7 28. Kg1 Nc6 29. Bxc6 Rxc6 30. Nd5 Nxd5 31. Rxd5 Rc7 32. Qd3 Rcd7 33. e4 f6 34. f4 Kg7 35. e5 fxe5 36. fxe5 Qe6 37. b4 cxb4 38. a5 bxa5 39. c5 a4 40. c6 Rc7 41. Rxd6 Rxd6 42. Qxd6 Rxc6 43. Qxb4 Qxe5 44. Rd7+ Kf6 45. Qf8+ Kg5 46. Qd8+ Qf6 47. Rd5+ Kh4 48. Rd4+ Kh5 49. g4+ Kh4 50. g5+ Kxg5 51. Qd5+ Qf5 52. Qxc6 Qb1+ 53. Kh2 Qb2+ 54. Qg2+ 1-0

[Event "Bled op-A 25th"]
[Site "Bled"]
[Date "2008.02.29"]
[Round "8"]
[White "Jokovic, Dusan"]
[Black "Padjen, Zdenko"]
[Result "1-0"]
[WhiteElo "2171"]
[BlackElo "2123"]
[PlyCount "129"]
[EventDate "2008.02.23"]
[EventType "swiss"]
[EventRounds "9"]
[EventCountry "SLO"]
[SourceTitle "CBM 122 Extra"]
[Source "ChessBase"]
[SourceDate "2008.03.04"]
[SourceVersion "1"]
[SourceVersionDate "2008.03.04"]
[SourceQuality "1"]

1. d4 f5 2. g3 Nf6 3. Bg2 g6 4. c4 Bg7 5. Nc3 d6 6. Nf3 c6 7. 0-0 0-0 8. Qc2 Qc7 9. Bg5 e5 10. dxe5 dxe5 11. Rfd1 Na6 12. Rac1 Nc5 13. b4 Ne6 14. Bd2 e4 15. Ng5 Nd4 16. Qb1 Nh5 17. e3 Ne6 18. Nh3 Be5 19. Ne2 g5 20. Qb3 c5 21. b5 g4 22. Nhf4 Nhxf4 23. gxf4 Bf6 24. Bc3 Ng7 25. Bxf6 Rxf6 26. Nc3 Be6 27. Rd2 Rh6 28. Rcd1 Qe7 29. Nd5 Qh4 30. Qc3 Rf8 31. Qe5 Qxh2+ 32. Kf1 Qh4 33. Qc7 Nh5 34. Ne7+ Kh8 35. Qxc5 Qf6 36. Nd5 Qf7 37. Qxa7 g3 38. f3 Bxd5 39. Qd4+ Nf6 40. cxd5 exf3 41. Bxf3 Qd7 42. a4 Rh2 43. Rxh2 gxh2 44. Kg2 Qg7+ 45. Kh1 Rg8 46. Qa1 Qg3 47. Rf1 Rg7 48. Qe1 Qh3 49. Qf2 Ne4 50. Bxe4 fxe4 51. f5 Rg1+ 52. Rxg1 hxg1Q+ 53. Kxg1 Qg4+ 54. Kh2 Qh5+ 55. Kg2 Qg4+ 56. Qg3 Qxf5 57. d6 h5 58. Qf4 Qd5 59. Kg3 Kg7 60. a5 Qxb5 61. Qxe4 Qg5+ 62. Kf3 Qxa5 63. Qe7+ Kg6 64. Qe6+ Kg5 65. d7 1-0

[Event "Bled op-A 25th"]
[Site "Bled"]
[Date "2008.02.25"]
[Round "4"]
[White "Grilc, Andrej"]
[Black "Jokovic, Dusan"]
[Result "0-1"]
[WhiteElo "2113"]
[BlackElo "2171"]
[PlyCount "110"]
[EventDate "2008.02.23"]
[EventType "swiss"]
[EventRounds "9"]
[EventCountry "SLO"]
[SourceTitle "CBM 122 Extra"]
[Source "ChessBase"]
[SourceDate "2008.03.04"]
[SourceVersion "1"]
[SourceVersionDate "2008.03.04"]
[SourceQuality "1"]

1. e4 c5 2. Nf3 d6 3. d4 cxd4 4. Nxd4 Nf6 5. Nc3 Nc6 6. Bc4 Qb6 7. Nb3 e6 8. 0-0 a6 9. Kh1 Be7 10. f4 0-0 11. Qf3 Qc7 12. Bd3 Nb4 13. Be3 Bd7 14. Rae1 Nxd3 15. cxd3 b5 16. Rc1 Qb7 17. Na5 Qb8 18. Ne2 Rc8 19. Nd4 Rxc1 20. Rxc1 Bf8 21. Qe2 Qe8 22. Rc7 e5 23. Nf3 Ng4 24. Bg1 exf4 25. Qd2 Ne5 26. Ne1 Ng6 27. Nb3 Qd8 28. Bb6 Bg4 29. Nd4 Qf6 30. h3 Qh4 31. Kg1 Be6 32. Nef3 Qf6 33. b3 Ne5 34. Ba5 Nxf3+ 35. Nxf3 g5 36. Bc3 Qg6 37. Nd4 d5 38. e5 Rc8 39. Ra7 g4 40. hxg4 Qxg4 41. Rxa6 Bc5 42. b4 Be7 43. Nf3 Qg3 44. Bd4 Bxb4 45. Qb2 Bh3 46. Nh4 Qxh4 47. gxh3 Qg3+ 48. Kh1 Qxh3+ 49. Kg1 Qg3+ 50. Kh1 f3 51. Be3 d4 52. Bg1 Rc1 53. Qh2 Be1 54. Rh6 Qxh2+ 55. Kxh2 f2 0-1

[Event "Bled op-A 25th"]
[Site "Bled"]
[Date "2008.02.23"]
[Round "1"]
[White "Sebenik, Matej"]
[Black "Jokovic, Dusan"]
[Result "1-0"]
[WhiteElo "2479"]
[BlackElo "2171"]
[PlyCount "79"]
[EventDate "2008.02.23"]
[EventType "swiss"]
[EventRounds "9"]
[EventCountry "SLO"]
[SourceTitle "CBM 122 Extra"]
[Source "ChessBase"]
[SourceDate "2008.03.04"]
[SourceVersion "1"]
[SourceVersionDate "2008.03.04"]
[SourceQuality "1"]

1. d4 Nf6 2. c4 g6 3. g3 Bg7 4. Bg2 0-0 5. Nf3 c5 6. 0-0 d6 7. Nc3 Nc6 8. dxc5 dxc5 9. Be3 Qa5 10. Qa4 Nd7 11. Qxa5 Nxa5 12. Nd2 Rb8 13. Rfd1 b6 14. Nd5 Re8 15. Bg5 Kf8 16. Bf4 e5 17. Be3 Nf6 18. Nxf6 Bxf6 19. Ne4 Be7 20. Bh6+ Kg8 21. b3 Bg4 22. h3 Be6 23. Nd6 Bxd6 24. Rxd6 f6 25. f4 Nb7 26. Rxe6 Rxe6 27. Bd5 Kf7 28. fxe5 fxe5 29. Rf1+ Ke7 30. Bg5+ Kd6 31. Rf7 h6 32. Bxh6 Re7 33. Bf8 Rxf8 34. Rxf8 Kc7 35. Rf6 Nd6 36. Rxg6 Nf5 37. h4 Nd4 38. e3 Nc2 39. Kf2 Nb4 40. h5 1-0

[Event "SLO-chT2"]
[Site "Ljubljana"]
[Date "2007.11.17"]
[Round "3.5"]
[White "Plaskan, Jure"]
[Black "Jokovic, Dusan"]
[Result "1-0"]
[WhiteElo "2103"]
[BlackElo "2171"]
[PlyCount "73"]
[EventDate "2007.11.15"]
[EventType "team"]
[EventRounds "9"]
[EventCountry "SLO"]
[SourceTitle "CBM 121 Extra"]
[Source "ChessBase"]
[SourceDate "2008.01.10"]
[SourceVersion "1"]
[SourceVersionDate "2008.01.10"]
[SourceQuality "1"]
[WhiteTeam "Domzale"]
[BlackTeam "Gorenjka Lesce"]
[WhiteTeamCountry "SLO"]
[BlackTeamCountry "SLO"]

1. e4 e5 2. Nf3 Nc6 3. Bb5 a6 4. Ba4 Nf6 5. 0-0 b5 6. Bb3 Bc5 7. c3 d6 8. d4 Bb6 9. Bg5 h6 10. Be3 0-0 11. h3 Bb7 12. Nbd2 exd4 13. cxd4 Re8 14. d5 Na5 15. Bc2 Bxe3 16. fxe3 c6 17. b4 Nc4 18. Nxc4 bxc4 19. Ba4 Rxe4 20. dxc6 Bc8 21. Nd2 Rxe3 22. Nxc4 Re6 23. Qd4 d5 24. Na5 Qe7 25. Bc2 Re2 26. Bd3 Qe3+ 27. Qxe3 Rxe3 28. Rad1 Ra7 29. Rfe1 Rae7 30. Rxe3 Rxe3 31. a4 Kf8 32. b5 axb5 33. axb5 Ke7 34. b6 Kd6 35. b7 Kc7 36. Rb1 Kb8 37. bxc8Q+ 1-0

[Event "SLO-ch qual"]
[Site "Ljubljana"]
[Date "2007.07.08"]
[Round "5"]
[White "Jokovic, Dusan"]
[Black "Loviscek, Matjaz"]
[Result "1-0"]
[WhiteElo "2171"]
[BlackElo "2036"]
[PlyCount "81"]
[EventDate "2007.07.05"]
[EventType "swiss"]
[EventRounds "9"]
[EventCountry "SLO"]
[SourceTitle "EXT 2010"]
[Source "ChessBase"]
[SourceDate "2010.11.25"]
[SourceVersion "1"]
[SourceVersionDate "2010.11.25"]
[SourceQuality "1"]

1. d4 Nf6 2. c4 e6 3. Nc3 Bb4 4. Qc2 c5 5. dxc5 0-0 6. a3 Bxc5 7. Nf3 Nc6 8. b4 Be7 9. Bb2 b6 10. e3 Bb7 11. Be2 Rc8 12. Qb3 Qc7 13. 0-0 Rfd8 14. Rfd1 a6 15. Rac1 d6 16. Nd5 exd5 17. cxd5 b5 18. dxc6 Bxc6 19. Nd4 Qd7 20. Nxc6 Rxc6 21. Bf3 Rxc1 22. Bxc1 Rc8 23. Bb2 Rc4 24. Qd3 Qc7 25. Rd2 h6 26. h3 Kf8 27. Qf5 Qd7 28. Qb1 Qc7 29. g3 Qd7 30. Kg2 Qc7 31. Qd3 Qd7 32. Bd4 Qc7 33. Bd1 Qc6+ 34. f3 Qd7 35. Bb2 Rc8 36. e4 Qc7 37. Bb3 Qd7 38. e5 Ne8 39. Qh7 Bg5 40. exd6 Nxd6 41. Re2 1-0

[Event "SLO-chT"]
[Site "Bled"]
[Date "2005.11.05"]
[Round "3"]
[White "Jokovic, Dusan"]
[Black "Pregarac, Valter"]
[Result "0-1"]
[WhiteElo "2183"]
[BlackElo "2055"]
[PlyCount "106"]
[EventDate "2005.11.03"]
[EventType "team"]
[EventRounds "9"]
[EventCountry "SLO"]
[SourceTitle "CBM 109 Extra"]
[Source "ChessBase"]
[SourceDate "2006.01.03"]
[SourceVersion "2"]
[SourceVersionDate "2006.01.03"]
[SourceQuality "1"]

1. d4 e6 2. Nf3 Nf6 3. c4 Bb4+ 4. Nbd2 b6 5. a3 Bxd2+ 6. Bxd2 Bb7 7. Bg5 h6 8. Bf4 d6 9. h3 Nbd7 10. e3 Qe7 11. Be2 Ne4 12. Rc1 f5 13. 0-0 0-0 14. Bh2 a5 15. Ne1 e5 16. dxe5 Nxe5 17. Nd3 Nxd3 18. Qxd3 a4 19. Qd1 Nc5 20. Bf3 Be4 21. Bxe4 fxe4 22. Rc2 Rae8 23. Qd4 Rf5 24. Bg3 g5 25. Qd1 Qf7 26. Rc3 Rf8 27. Qg4 h5 28. Qe2 h4 29. Bh2 Kh7 30. Rc2 Kh6 31. Qd2 Qh5 32. Qd1 Qxd1 33. Rxd1 Kh5 34. Rcd2 Kg6 35. Rc2 Kf7 36. Rcd2 Ke6 37. Rc2 Kd7 38. Rcd2 Kc6 39. Rc2 R8f7 40. Rcd2 Nb3 41. Rc2 Rc5 42. Kf1 Kb7 43. Rc3 Rff5 44. Ke2 b5 45. f3 exf3+ 46. gxf3 Rxc4 47. Rxc4 bxc4 48. e4 Rb5 49. Bg1 Kc6 50. Be3 Nc5 51. Rd2 Nd3 52. Rc2 Nxb2 53. Bxg5 Rxg5 0-1

[Event "SLO-chT2W"]
[Site "Bled"]
[Date "2003.11.09"]
[Round "4"]
[White "Piskur, Mitja"]
[Black "Jokovic, Dusan"]
[Result "1-0"]
[WhiteElo "2302"]
[BlackElo "2196"]
[PlyCount "25"]
[EventDate "2003.11.07"]
[EventType "team"]
[EventRounds "8"]
[EventCountry "SLO"]
[SourceTitle "EXT 2005"]
[Source "ChessBase"]
[SourceDate "2004.11.15"]
[SourceVersion "1"]
[SourceVersionDate "2004.11.15"]
[SourceQuality "1"]

1. e4 e5 2. Nf3 Nc6 3. Nc3 g6 4. d4 exd4 5. Nd5 h6 6. Nxd4 Nce7 7. Nxc7+ Qxc7 8. Nb5 Qb8 9. Nd6+ Kd8 10. Nxf7+ Ke8 11. Nd6+ Kd8 12. Qf3 Qxd6 13. Qxf8+ 1-0

[Event "SLO-ch"]
[Site "Bled"]
[Date "2003.08.10"]
[Round "9"]
[White "Jokovic, Dusan"]
[Black "Susnik, Matej"]
[Result "1-0"]
[WhiteElo "2195"]
[BlackElo "2206"]
[PlyCount "109"]
[EventDate "2003.08.03"]
[EventType "swiss"]
[EventRounds "9"]
[EventCountry "SLO"]
[SourceTitle "CBM 095 Extra"]
[Source "ChessBase"]
[SourceDate "2003.09.04"]
[SourceVersion "1"]
[SourceVersionDate "2003.09.04"]
[SourceQuality "1"]

1. d4 d5 2. c4 e6 3. Nc3 c5 4. cxd5 exd5 5. Nf3 Nc6 6. g3 Nf6 7. Bg2 Be7 8. 0-0 0-0 9. dxc5 Bxc5 10. Na4 Be7 11. Be3 Re8 12. Rc1 Bg4 13. h3 Bh5 14. Nc5 Bxc5 15. Rxc5 Bg6 16. Nd4 Qd7 17. Nxc6 bxc6 18. Qc1 Re6 19. Bd4 Be4 20. f3 Bg6 21. e3 Bd3 22. Re1 Ne8 23. Qc3 Ba6 24. Rc1 Bb7 25. a4 Rg6 26. g4 h5 27. Qd3 hxg4 28. hxg4 Nc7 29. Be5 Ne6 30. R5c2 c5 31. b3 Qc6 32. Qd1 Qb6 33. Rf2 d4 34. e4 Ng5 35. Bf4 Nh7 36. Bf1 Nf6 37. Rg2 Rd8 38. Bd3 Ba6 39. Bxa6 Qxa6 40. Rxc5 d3 41. Be3 Nd7 42. Rh5 Nb6 43. Rd2 Rgd6 44. Qc1 Rc8 45. Rc5 Rdd8 46. Kf2 Nd7 47. Rxc8 Rxc8 48. Qb1 Ne5 49. Bd4 Qd6 50. Bxe5 Qxe5 51. Kg2 Rc3 52. Rxd3 Qc5 53. Rd8+ Kh7 54. e5+ Rc2+ 55. Rd2 1-0

[Event "SLO-ch"]
[Site "Bled"]
[Date "2003.08.08"]
[Round "7"]
[White "Jokovic, Dusan"]
[Black "Srebrnic, Vojko"]
[Result "0-1"]
[WhiteElo "2195"]
[BlackElo "2257"]
[PlyCount "217"]
[EventDate "2003.08.03"]
[EventType "swiss"]
[EventRounds "9"]
[EventCountry "SLO"]
[SourceTitle "CBM 095 Extra"]
[Source "ChessBase"]
[SourceDate "2003.09.04"]
[SourceVersion "1"]
[SourceVersionDate "2003.09.04"]
[SourceQuality "1"]

1. d4 d6 2. Nf3 Bg4 3. Nbd2 Nf6 4. e3 g6 5. Bd3 Bg7 6. h3 Bxf3 7. Nxf3 0-0 8. 0-0 d5 9. c4 e6 10. b3 Nbd7 11. Bb2 c6 12. Qc2 Rc8 13. Ne5 Nxe5 14. dxe5 Nd7 15. f4 Qh4 16. Qe2 Rfd8 17. Rad1 Bf8 18. Kh2 Nc5 19. Bc2 dxc4 20. Qxc4 Rxd1 21. Rxd1 Rd8 22. Rxd8 Qxd8 23. Bc3 Na6 24. Kg3 Nc7 25. Qd3 Qxd3 26. Bxd3 Nd5 27. Bd2 Bc5 28. Kf3 Kf8 29. g4 Bb4 30. Bc1 Ke8 31. h4 Nc3 32. a3 Na2 33. Bb2 Bc3 34. Bxc3 Nxc3 35. h5 gxh5 36. gxh5 h6 37. e4 Ke7 38. Ke3 a6 39. a4 Na2 40. Bb1 Nb4 41. Kd4 b6 42. a5 bxa5 43. Kc5 Kd7 44. Kb6 c5 45. Kxc5 Kc7 46. f5 Nc6 47. Bd3 Nxe5 48. Bxa6 Nd7+ 49. Kd4 Kd6 50. fxe6 fxe6 51. Be2 e5+ 52. Kc4 Kc6 53. Bg4 Nb6+ 54. Kc3 Kc5 55. Be6 Na8 56. Bd5 Nc7 57. Bf7 Nb5+ 58. Kd3 Kb4 59. Kc2 Nd4+ 60. Kb2 Kc5 61. Kc3 Ne2+ 62. Kd3 Nf4+ 63. Kc3 Nh3 64. Be8 Ng5 65. Bg6 Ne6 66. Bf7 Nf8 67. Bg8 Nd7 68. Bf7 Nf6 69. Bg6 Kb5 70. Kd3 Kb4 71. Kc2 Nd7 72. Bf7 Nb6 73. Be6 Kc5 74. Kc3 Kd6 75. Bf5 Kc5 76. Be6 Na8 77. Bf7 Nc7 78. Bg8 Ne8 79. Bf7 Nd6 80. Bd5 Kb5 81. Kd3 Kb4 82. Kc2 Ne8 83. Bf7 Nc7 84. Bg8 Nb5 85. Bf7 Nd4+ 86. Kb2 Kc5 87. Kc3 Kd6 88. Kc4 Ke7 89. Bg6 Kf6 90. Be8 Kg5 91. Bf7 Kf4 92. Bg6 Ke3 93. Bh7 Kd2 94. Kd5 Nxb3 95. Kxe5 a4 96. Bg8 Kc3 97. Kf6 a3 98. e5 a2 99. e6 a1Q 100. e7 Kb4+ 101. Kf7 Qf1+ 102. Kg7 Qg2+ 103. Kf8 Qf2+ 104. Bf7 Qc5 105. Bg6 Nd4 106. Kf7 Qd5+ 107. Kg7 Qe5+ 108. Kf7 Nb5 109. Kf8 0-1

[Event "SLO-ch"]
[Site "Bled"]
[Date "2003.08.04"]
[Round "3"]
[White "Jokovic, Dusan"]
[Black "Tratar, Marko"]
[Result "0-1"]
[WhiteElo "2195"]
[BlackElo "2455"]
[PlyCount "102"]
[EventDate "2003.08.03"]
[EventType "swiss"]
[EventRounds "9"]
[EventCountry "SLO"]
[SourceTitle "CBM 095 Extra"]
[Source "ChessBase"]
[SourceDate "2003.09.04"]
[SourceVersion "1"]
[SourceVersionDate "2003.09.04"]
[SourceQuality "1"]

1. d4 d6 2. Nf3 Nf6 3. c4 g6 4. Nc3 Bg7 5. e4 0-0 6. Bg5 h6 7. Be3 Nbd7 8. h3 e5 9. d5 Nc5 10. Nd2 a5 11. Be2 Bd7 12. 0-0 Nh7 13. Re1 f5 14. exf5 gxf5 15. f4 exf4 16. Bxf4 Qf6 17. Nf3 Ng5 18. Rc1 Rae8 19. Bf1 Nce4 20. Bd3 Nxc3 21. bxc3 Ne4 22. Bd2 Qg6 23. Bf1 Qg3 24. Re2 Nxd2 25. Qxd2 f4 26. Qe1 Rxe2 27. Bxe2 Re8 28. Kf1 Re3 29. Qxg3 fxg3 30. Nd4 Bxd4 31. cxd4 Bf5 32. Rd1 Be4 33. Rd2 Rc3 34. Rd1 a4 35. h4 a3 36. Re1 Rc2 37. Bh5 Rf2+ 38. Kg1 Rxg2+ 39. Kf1 Rf2+ 40. Kg1 Rf4 41. Re3 g2 42. Be2 Rxh4 43. Bf3 Bxf3 44. Rxf3 Rxd4 45. Rc3 b6 46. Kxg2 Rd2+ 47. Kf3 Rxa2 48. Rc1 Rb2 49. Ke4 a2 50. Ra1 Kf7 51. Kf5 Rc2 0-1

[Event "SLO Cup final"]
[Site "Rogla"]
[Date "2002.06.09"]
[Round "4"]
[White "Srebrnic, Marko"]
[Black "Jokovic, Dusan"]
[Result "0-1"]
[WhiteElo "2196"]
[BlackElo "2184"]
[PlyCount "50"]
[EventDate "2002.06.07"]
[EventType "swiss"]
[EventRounds "5"]
[EventCountry "SLO"]
[SourceTitle "EXT 2008"]
[Source "ChessBase"]
[SourceDate "2007.11.25"]
[SourceVersion "1"]
[SourceVersionDate "2007.11.25"]
[SourceQuality "1"]

1. e4 c5 2. Nf3 e6 3. d4 cxd4 4. Nxd4 Nf6 5. Nc3 d6 6. Bc4 a6 7. 0-0 Be7 8. Bb3 b5 9. Qf3 Ra7 10. Be3 Rb7 11. Rad1 Qc7 12. Qg3 0-0 13. Bh6 Ne8 14. Nf3 Nc6 15. Rfe1 Na5 16. e5 Nxb3 17. axb3 dxe5 18. Rd2 f6 19. Red1 Kh8 20. Be3 Nd6 21. Ne1 b4 22. Rxd6 Bxd6 23. Ne4 Be7 24. f4 exf4 25. Bxf4 e5 0-1

[Event "SLO Cup final"]
[Site "Rogla"]
[Date "2002.06.08"]
[Round "3"]
[White "Tratar, Marko"]
[Black "Jokovic, Dusan"]
[Result "1-0"]
[WhiteElo "2443"]
[BlackElo "2184"]
[PlyCount "21"]
[EventDate "2002.06.07"]
[EventType "swiss"]
[EventRounds "5"]
[EventCountry "SLO"]
[SourceTitle "EXT 2008"]
[Source "ChessBase"]
[SourceDate "2007.11.25"]
[SourceVersion "1"]
[SourceVersionDate "2007.11.25"]
[SourceQuality "1"]

1. Nf3 Nf6 2. c4 g6 3. Nc3 d5 4. Qa4+ Bd7 5. Qb3 Bc6 6. e3 b6 7. Ne5 Bb7 8. cxd5 Nxd5 9. Bb5+ c6 10. Nxd5 cxb5 11. Nf6+ 1-0

[Event "SLO-chT2"]
[Site "Slovenia"]
[Date "2002.04.28"]
[Round "2"]
[White "Jokovic, Dusan"]
[Black "Klemencic, Gorazd"]
[Result "1-0"]
[WhiteElo "2184"]
[BlackElo "2240"]
[PlyCount "37"]
[EventDate "2002.04.07"]
[EventType "team"]
[EventRounds "9"]
[EventCountry "SLO"]
[SourceTitle "EXT 2005"]
[Source "ChessBase"]
[SourceDate "2004.11.15"]
[SourceVersion "1"]
[SourceVersionDate "2004.11.15"]
[SourceQuality "1"]

1. d4 d5 2. c4 e6 3. Nc3 f5 4. g3 c6 5. Bg2 Nf6 6. Nf3 Bd6 7. b3 0-0 8. 0-0 Qe7 9. Bb2 Bd7 10. e3 Be8 11. Ne2 Nbd7 12. Qc2 h6 13. Nf4 g5 14. Nd3 Bg6 15. Nfe5 Bh7 16. Qe2 Kh8 17. Rac1 Rg8 18. Rfe1 Nf8 19. f3 1-0

[Event "SLO-chT West"]
[Site "Bled"]
[Date "2001.11.18"]
[Round "4"]
[White "Jokovic, Dusan"]
[Black "Ivanovic, Andrej"]
[Result "1-0"]
[WhiteElo "2182"]
[BlackElo "1900"]
[PlyCount "113"]
[EventDate "2001.11.18"]
[EventType "team"]
[EventRounds "7"]
[EventCountry "SLO"]
[SourceTitle "EXT 2003"]
[Source "ChessBase"]
[SourceDate "2002.11.25"]
[SourceVersion "1"]
[SourceVersionDate "2002.11.25"]
[SourceQuality "1"]

1. d4 Nf6 2. c4 c5 3. d5 e6 4. Nc3 exd5 5. cxd5 d6 6. e4 g6 7. Nf3 Bg7 8. Be2 0-0 9. 0-0 Na6 10. Bf4 Nc7 11. a4 b6 12. Nd2 Re8 13. Re1 Rb8 14. Qc2 a6 15. Nc4 Bf8 16. h3 b5 17. axb5 axb5 18. Na5 Bd7 19. Bf3 Ncxd5 20. Bg3 Nb4 21. Qd2 Qc7 22. Nb3 Be6 23. Nc1 Nd7 24. Bd1 Ne5 25. b3 c4 26. Rb1 Rec8 27. bxc4 Nxc4 28. Qe2 Qc5 29. Nb3 Qb6 30. Rc1 Bg7 31. Bf4 Nc6 32. Nd5 Bxd5 33. exd5 N6e5 34. Bc2 Ra8 35. Bb1 Ra3 36. Nd2 Qd4 37. Ne4 Qxd5 38. Red1 Qe6 39. Nc3 h6 40. Nxb5 Ra5 41. Nd4 Qf6 42. Bg3 h5 43. f4 Ra3 44. Bh2 Nd3 45. Bxd3 Qxd4+ 46. Kh1 d5 47. Bxg6 Qa7 48. Bxh5 Ra2 49. Qg4 Re8 50. Qg5 Ne3 51. Bg1 d4 52. Bxe3 dxe3 53. Rd8 Qa4 54. Rcc8 Ra1+ 55. Kh2 Rxd8 56. Rxd8+ Kh7 57. Bg4 1-0

[Event "SLO-chT 08th"]
[Site "Bled"]
[Date "1998.11.10"]
[Round "4"]
[White "Jokovic, Dusan"]
[Black "Mazi, Leon"]
[Result "0-1"]
[WhiteElo "2200"]
[BlackElo "2415"]
[PlyCount "80"]
[EventDate "1998.11.07"]
[EventType "team-tourn"]
[EventRounds "7"]
[EventCountry "SLO"]
[SourceTitle "EXT 2000"]
[Source "ChessBase"]
[SourceDate "1999.11.16"]
[SourceVersion "1"]
[SourceVersionDate "1999.11.16"]
[SourceQuality "1"]
[WhiteTeam "Lesce Murka"]
[BlackTeam "Maribor Lumar Kovinar"]
[WhiteTeamCountry "SLO"]
[BlackTeamCountry "SLO"]

1. d4 Nf6 2. c4 d6 3. Nc3 e5 4. d5 g6 5. e4 Bg7 6. Be2 0-0 7. Bg5 Na6 8. Qd2 Qe8 9. h3 Nc5 10. Bf3 Nfd7 11. Nb5 Na6 12. g4 f5 13. gxf5 gxf5 14. exf5 e4 15. Be2 Ne5 16. f6 Bxf6 17. Bh6 Bg7 18. Bxg7 Kxg7 19. Qd4 Qf7 20. Rh2 Nb4 21. Rg2+ Kh8 22. Qc3 Nbd3+ 23. Bxd3 exd3 24. 0-0-0 Qf4+ 25. Rd2 Bd7 26. Qd4 Qxd4 27. Nxd4 Rf4 28. Nb5 Rxc4+ 29. Nc3 b5 30. Kb1 Rd4 31. a3 a5 32. f3 b4 33. Ne4 Bf5 34. Ng5 h6 35. Ne6 Bxe6 36. dxe6 Re8 37. Rg3 Rxe6 38. Rdg2 Rg6 39. Rxg6 Nxg6 40. Kc1 Nf4 0-1

[Event "Bled op 18th"]
[Site "Bled"]
[Date "1997.??.??"]
[Round "8"]
[White "Jokovic, Dusan"]
[Black "Jeraj, Zlatko"]
[Result "1-0"]
[WhiteElo "2215"]
[BlackElo "2150"]
[PlyCount "79"]
[EventDate "1997.03.15"]
[EventType "swiss"]
[EventRounds "9"]
[EventCountry "SLO"]
[SourceTitle "CBM 057 Extra"]
[Source "ChessBase"]
[SourceDate "1997.05.01"]
[SourceVersion "1"]
[SourceVersionDate "1997.05.01"]
[SourceQuality "1"]

1. d4 Nf6 2. c4 g6 3. Nc3 Bg7 4. e4 d6 5. Be2 0-0 6. Bg5 Nbd7 7. Nf3 c5 8. d5 a6 9. a4 h6 10. Bf4 Ng4 11. 0-0 Nge5 12. Ne1 g5 13. Be3 Ng6 14. g3 Qb6 15. Qc1 Kh7 16. a5 Qc7 17. f4 gxf4 18. gxf4 f5 19. exf5 Nh4 20. Bd3 Nf6 21. Qc2 Qd7 22. Nf3 Nxf3+ 23. Rxf3 Qe8 24. Kh1 Qh5 25. Rg3 Rg8 26. Rag1 Bd7 27. Ne4 Raf8 28. Ng5+ hxg5 29. fxg5 Rh8 30. Qg2 Nxd5 31. f6+ Kg8 32. cxd5 Bh3 33. Qc2 exf6 34. gxf6 Rxf6 35. Rxg7+ Kf8 36. Be4 Rf3 37. Bxc5 Rf6 38. Bxd6+ Rxd6 39. Qc7 Rd7 40. Rxd7 1-0

[Event "Bled op 18th"]
[Site "Bled"]
[Date "1997.??.??"]
[Round "7"]
[White "Kolar, Srecko"]
[Black "Jokovic, Dusan"]
[Result "1-0"]
[WhiteElo "2180"]
[BlackElo "2215"]
[PlyCount "53"]
[EventDate "1997.03.15"]
[EventType "swiss"]
[EventRounds "9"]
[EventCountry "SLO"]
[SourceTitle "CBM 057 Extra"]
[Source "ChessBase"]
[SourceDate "1997.05.01"]
[SourceVersion "1"]
[SourceVersionDate "1997.05.01"]
[SourceQuality "1"]

1. e4 e5 2. Nf3 Nc6 3. Nc3 Bc5 4. Bb5 Nge7 5. Nxe5 Bxf2+ 6. Kxf2 Nxe5 7. d4 N5g6 8. Rf1 0-0 9. Kg1 d5 10. Bd3 dxe4 11. Bxe4 c6 12. Kh1 Be6 13. Bg5 Qa5 14. Qd2 f6 15. Be3 Rad8 16. Bd3 Bf7 17. Qf2 Nd5 18. Bd2 Nxc3 19. bxc3 Qh5 20. Qg3 Rd7 21. Rae1 Rfd8 22. Kg1 a6 23. a3 Qa5 24. a4 Qxa4 25. Ra1 Ba2 26. Rfb1 Qa3 27. Bc4+ 1-0

[Event "Bled op 18th"]
[Site "Bled"]
[Date "1997.??.??"]
[Round "4"]
[White "Susnik, Matej"]
[Black "Jokovic, Dusan"]
[Result "1-0"]
[WhiteElo "2235"]
[BlackElo "2215"]
[PlyCount "99"]
[EventDate "1997.03.15"]
[EventType "swiss"]
[EventRounds "9"]
[EventCountry "SLO"]
[SourceTitle "CBM 057 Extra"]
[Source "ChessBase"]
[SourceDate "1997.05.01"]
[SourceVersion "1"]
[SourceVersionDate "1997.05.01"]
[SourceQuality "1"]

1. e4 e5 2. f4 exf4 3. Nf3 d6 4. Bc4 h6 5. b4 Nc6 6. Bb2 Nf6 7. Nc3 Nxb4 8. e5 Nh5 9. a3 Nc6 10. Qe2 Be7 11. exd6 cxd6 12. Nd5 0-0 13. 0-0-0 Re8 14. Rde1 Be6 15. Nd4 Bxd5 16. Bxd5 Nf6 17. Nxc6 bxc6 18. Bxc6 Bf8 19. Bxe8 Nxe8 20. Qc4 g5 21. h4 Bg7 22. Bxg7 Nxg7 23. hxg5 Qxg5 24. Rhf1 Ne6 25. Rxe6 fxe6 26. Qxe6+ Kg7 27. Qd7+ Kg8 28. Qxd6 Rf8 29. Qe6+ Rf7 30. Qe4 Qa5 31. Rf3 Qg5 32. Qe2 Qf6 33. Rc3 Re7 34. Qg4+ Kh7 35. Kd1 Qe5 36. Qh4 Qe2+ 37. Kc1 Rb7 38. Rb3 Rf7 39. Qh3 Qe1+ 40. Kb2 Qe2 41. Qd3+ Qxd3 42. Rxd3 Kg6 43. c4 Kg5 44. Kc3 h5 45. c5 h4 46. Kc4 Kg4 47. c6 f3 48. gxf3+ Rxf3 49. Rxf3 Kxf3 50. c7 1-0